[Event "Hastings Masters op 98th"]
[Site "Hastings"]
[Date "2024.12.28"]
[Round "1"]
[White "Gormally, Daniel"]
[Black "Brown, Thomas"]
[Result "1-0"]
[WhiteElo "2424"]
[BlackElo "2118"]
[PlyCount "69"]
[EventDate "2024.12.28"]
[EventType "swiss"]
[EventRounds "9"]
[EventCountry "ENG"]
[SourceTitle "CB02_2025"]
[SourceDate "2025.01.08"]
[SourceVersion "1"]
[SourceVersionDate "2025.01.08"]
[SourceQuality "1"]

1. d4 Nf6 2. c4 g6 3. Nc3 Bg7 4. e4 d6 5. Bd3 0-0 6. Nge2 Nc6 7. 0-0 a5 8. f3 e5 9. d5 Nd4 10. Be3 c5 11. Kh1 h5 12. Bg5 Qd7 13. Nxd4 cxd4 14. Ne2 Nh7 15. Bd2 Qe7 16. Qc2 Bd7 17. Rac1 b6 18. f4 f5 19. Rce1 Rae8 20. Ng1 Nf6 21. fxe5 dxe5 22. Bg5 f4 23. Nf3 Qc5 24. g3 fxg3 25. Qg2 gxh2 26. Nh4 Ng4 27. Nxg6 Rxf1+ 28. Rxf1 Qd6 29. Nh4 Rf8 30. Nf5 Bxf5 31. exf5 Bh6 32. Bh4 Kh8 33. f6 Nxf6 34. Qg6 Ne4 35. Rxf8+ 1-0

[Event "San Cristobal de La Laguna op-A 6th"]
[Site "San Cristobal de La Laguna"]
[Date "2024.08.30"]
[Round "8"]
[White "Diaz Reyes, Killian"]
[Black "Brown, Thomas"]
[Result "0-1"]
[WhiteElo "2012"]
[BlackElo "2139"]
[PlyCount "79"]
[EventDate "2024.08.24"]
[EventType "swiss"]
[EventRounds "9"]
[EventCountry "ESP"]
[SourceTitle "CBM 221 Extra"]
[Source "ChessBase"]
[SourceDate "2024.09.30"]
[SourceVersion "1"]
[SourceVersionDate "2024.09.30"]
[SourceQuality "1"]

1. e4 c5 2. Nf3 d6 3. d4 cxd4 4. Nxd4 Nf6 5. Nc3 g6 6. Be3 Nc6 7. f3 h5 8. Bc4 Bd7 9. Bb3 Bg7 10. Qd2 Na5 11. 0-0-0 Rb8 12. f4 b5 13. e5 dxe5 14. fxe5 Ng4 15. e6 Nxb3+ 16. Nxb3 fxe6 17. Kb1 b4 18. Ne2 Bb5 19. Bxa7 Qxd2 20. Rxd2 Rb7 21. Nf4 Bh6 22. Bd4 e5 23. Nxg6 Rg8 24. Nxe5 Bxd2 25. Nxd2 Nxe5 26. Bxe5 Rxg2 27. Ne4 Re2 28. Nc5 Rxe5 29. Nxb7 Bc6 30. Nd6+ exd6 31. Rd1 Re2 32. a3 Ke7 33. h3 Be4 34. Rd4 Bxc2+ 35. Kc1 b3 36. Rh4 Bg6 37. a4 Rc2+ 38. Kd1 Rxb2 39. Rb4 Rh2 40. Kc1 0-1

[Event "San Cristobal de La Laguna op-A 6th"]
[Site "San Cristobal de La Laguna"]
[Date "2024.08.28"]
[Round "6"]
[White "Brown, Thomas"]
[Black "Martinez Rojas, Carlos Jose"]
[Result "0-1"]
[WhiteElo "2139"]
[BlackElo "1984"]
[PlyCount "93"]
[EventDate "2024.08.24"]
[EventType "swiss"]
[EventRounds "9"]
[EventCountry "ESP"]
[SourceTitle "CBM 221 Extra"]
[Source "ChessBase"]
[SourceDate "2024.09.30"]
[SourceVersion "1"]
[SourceVersionDate "2024.09.30"]
[SourceQuality "1"]

1. d4 c5 2. c3 cxd4 3. cxd4 d5 4. Nc3 Nc6 5. Bf4 Nf6 6. e3 Qb6 7. Nf3 Qxb2 8. Rc1 e6 9. Rc2 Qb4 10. Qd2 Ne4 11. Nxe4 dxe4 12. Ne5 Nxe5 13. Bxe5 f6 14. Bg3 Bd7 15. Rb2 a5 16. Be2 Qxd2+ 17. Kxd2 Bb4+ 18. Kc2 Ke7 19. a3 Rhc8+ 20. Kb1 Bxa3 21. Rxb7 Rc3 22. Bb5 Rb3+ 23. Ka2 Rxb5 24. Rxb5 Bxb5 25. Kxa3 Rc8 26. Rb1 Rc3+ 27. Rb3 Rxb3+ 28. Kxb3 Kd7 29. Bb8 Kc6 30. Ba7 Bf1 31. g3 Kb5 32. Bc5 Bc4+ 33. Kc3 Bd5 34. Bf8 g6 35. Be7 f5 36. h4 Kc6 37. Bf8 Ba2 38. Be7 Kd5 39. Bd8 a4 40. Kb4 Bb3 41. Bf6 Bd1 42. Be5 a3 43. Kxa3 Kc4 44. g4 Bxg4 45. Bf4 Bd1 46. Bg3 Bh5 47. Ka4 0-1

[Event "Newport op"]
[Site "Newport"]
[Date "2024.08.17"]
[Round "3"]
[White "Brown, Thomas"]
[Black "May, Adam John"]
[Result "1-0"]
[WhiteElo "2139"]
[BlackElo "1903"]
[PlyCount "61"]
[EventDate "2024.08.16"]
[EventType "swiss"]
[EventRounds "5"]
[EventCountry "WLS"]
[SourceTitle "EXT 2025"]
[Source "ChessBase"]
[SourceDate "2024.10.14"]
[SourceVersion "1"]
[SourceVersionDate "2024.10.14"]
[SourceQuality "1"]

1. d4 d5 2. Nf3 Nf6 3. Bf4 e6 4. e3 Bd6 5. Ne5 0-0 6. Nd2 c5 7. c3 b5 8. Bxb5 Qb6 9. Be2 Qxb2 10. Nd3 Qb6 11. Rb1 Qc7 12. Bxd6 Qxd6 13. Nxc5 Nbd7 14. Ndb3 e5 15. 0-0 Nb6 16. dxe5 Qxe5 17. Qd4 Qg5 18. Nd2 Bh3 19. Bf3 Rad8 20. Rb4 Bf5 21. Qf4 Qg6 22. Qg3 Rc8 23. Ndb3 Rfe8 24. Rc1 Ne4 25. Bxe4 dxe4 26. Qxg6 Bxg6 27. Rd4 Bf5 28. Nb7 Nc4 29. Rxc4 Rxc4 30. Nd6 Rec8 31. Nxf5 1-0

[Event "Newport op"]
[Site "Newport"]
[Date "2024.08.17"]
[Round "2"]
[White "Duke, Dillan"]
[Black "Brown, Thomas"]
[Result "1-0"]
[WhiteElo "1957"]
[BlackElo "2139"]
[PlyCount "31"]
[EventDate "2024.08.16"]
[EventType "swiss"]
[EventRounds "5"]
[EventCountry "WLS"]
[SourceTitle "EXT 2025"]
[Source "ChessBase"]
[SourceDate "2024.10.14"]
[SourceVersion "1"]
[SourceVersionDate "2024.10.14"]
[SourceQuality "1"]

1. e4 c5 2. Nf3 d6 3. d4 cxd4 4. Nxd4 Nf6 5. Nc3 g6 6. Be3 Nc6 7. f3 h5 8. Qd2 Nxd4 9. Bxd4 Bh6 10. Bb5+ Kf8 11. Qf2 e5 12. Bxa7 Qa5 13. Be3 Bxe3 14. Qxe3 Qb4 15. a3 Qxb2 16. Ra2 1-0

[Event "South Wales op 19th"]
[Site "Bridgend"]
[Date "2024.07.10"]
[Round "9"]
[White "Brown, Thomas"]
[Black "Kong, Emma Zihan"]
[Result "1-0"]
[WhiteElo "2138"]
[BlackElo "1626"]
[PlyCount "47"]
[EventDate "2024.07.05"]
[EventType "swiss"]
[EventRounds "9"]
[EventCountry "WLS"]
[SourceTitle "CBM 221 Extra"]
[Source "ChessBase"]
[SourceDate "2024.09.30"]
[SourceVersion "1"]
[SourceVersionDate "2024.09.30"]
[SourceQuality "1"]

1. d4 d5 2. Nf3 c6 3. Bf4 e6 4. e3 Nf6 5. Nbd2 Bd6 6. Ne5 Qc7 7. Bd3 Nbd7 8. Ndf3 h6 9. 0-0 g5 10. Nxd7 Nxd7 11. Bxd6 Qxd6 12. c4 f5 13. cxd5 cxd5 14. Rc1 Rg8 15. Bb5 Ke7 16. Rc3 g4 17. Nh4 Kf6 18. Qc1 Kg7 19. Rc7 a6 20. Bxd7 Bxd7 21. Qc5 Qxc5 22. Rxd7+ Kf6 23. dxc5 Kg5 24. g3 1-0

[Event "South Wales op 19th"]
[Site "Bridgend"]
[Date "2024.07.08"]
[Round "6"]
[White "Fathallah, Joe"]
[Black "Brown, Thomas"]
[Result "0-1"]
[WhiteElo "1997"]
[BlackElo "2138"]
[PlyCount "84"]
[EventDate "2024.07.05"]
[EventType "swiss"]
[EventRounds "9"]
[EventCountry "WLS"]
[SourceTitle "CBM 221 Extra"]
[Source "ChessBase"]
[SourceDate "2024.09.30"]
[SourceVersion "1"]
[SourceVersionDate "2024.09.30"]
[SourceQuality "1"]

1. d4 Nf6 2. c4 g6 3. Nc3 Bg7 4. e4 d6 5. h4 c5 6. d5 e6 7. Be2 exd5 8. exd5 h5 9. Nf3 Bg4 10. Bf4 Bxf3 11. Bxf3 0-0 12. Qd2 Re8+ 13. Kf1 Nbd7 14. Re1 Rxe1+ 15. Qxe1 Qb6 16. Qd2 Re8 17. g3 Ne5 18. Be2 Kh7 19. Kg2 Nfg4 20. Ne4 Nf6 21. Ng5+ Kg8 22. Rb1 Nh7 23. Nxh7 Kxh7 24. Be3 Qc7 25. a3 Qd7 26. b4 Qf5 27. Rb3 Nxc4 28. Bxc4 Qe4+ 29. Kf1 Qxc4+ 30. Qd3 Qxd3+ 31. Rxd3 c4 32. Rd2 b5 33. a4 a6 34. Ke2 Bc3 35. Rc2 Bxb4 36. axb5 axb5 37. Rb2 Bc5 38. Rxb5 Re5 39. Kd1 Bxe3 40. fxe3 Rxe3 41. Kc2 Rd3 42. Rb4 Rxd5 0-1

[Event "South Wales op 19th"]
[Site "Bridgend"]
[Date "2024.07.07"]
[Round "4"]
[White "Brown, Thomas"]
[Black "Wells, Peter K"]
[Result "1/2-1/2"]
[WhiteElo "2138"]
[BlackElo "2364"]
[PlyCount "26"]
[EventDate "2024.07.05"]
[EventType "swiss"]
[EventRounds "9"]
[EventCountry "WLS"]
[SourceTitle "CBM 221 Extra"]
[Source "ChessBase"]
[SourceDate "2024.09.30"]
[SourceVersion "1"]
[SourceVersionDate "2024.09.30"]
[SourceQuality "1"]

1. d4 Nf6 2. c4 e6 3. Bf4 Bb4+ 4. Nd2 d5 5. cxd5 Qxd5 6. Ngf3 Nc6 7. e3 Ne4 8. a3 Nxd2 9. Nxd2 Bd6 10. Bxd6 cxd6 11. Qg4 0-0 12. Bc4 Qa5 13. Qe2 Bd7 1/2-1/2